| 000 | 00689nmc a2200265 a 4500 | ||
|---|---|---|---|
| 003 | AR-BaBNM | ||
| 005 | 20251128202802.0 | ||
| 008 | 056019s1974 ||||||||||||||000 | spa|| | ||
| 040 | _cAR-BaBNM | ||
| 100 | 1 | _aFirpo, Arturo Roberto | |
| 245 | 1 | 0 | _aEl teatro en la escuela primaria |
| 260 |
_aRosario _bBiblioteca _c1974 |
||
| 300 | 0 | _a61 p. | |
| 490 | 0 |
_aPraxis _vv. 18 |
|
| 650 | 4 | _aESCUELAS PRIMARIAS | |
| 650 | 4 | _aTEATRO ESCOLAR | |
| 650 | 4 | _aPSICOLOGIA | |
| 650 | 4 | _aACTIVIDADES INTEGRADAS | |
| 653 | 0 | _aEDUCACION PRIMARIA | |
| 653 | 0 | _aACTOS ESCOLARES | |
| 653 | 0 | _aGABINETES PSICOPEDAGOGICOS | |
| 800 | 1 |
_aAgeno, Raúl Mario _edirector |
|
| 942 | _cBK | ||
| 998 | _cCarmen | ||
| 999 |
_c565 _d565 |
||